000 00765cab a2200265 4500
001 WB3517-15
008 090401t1999 xxu||||| |||| 00| 0 eng d
035 _a(Sirsi) u93153
041 _aeng
245 _aWoolf reforms
260 _c1999
350 _a0
490 _aDaily Telegraph
_v4 May 1999, 23
490 _aSunday Business
_v2 May 1999, 34(4)
520 _aHundreds of small enterprises could benefit from Lord Woolf's reforms of the civil justice system, making it easier to take debtors to court.
650 _aACCESS TO JUSTICE
650 _aCIVIL JUSTICE SYSTEM
650 _aCIVIL LAW
650 _aCIVIL PROCEDURE RULES 1998
650 _aDEBTORS
650 _aWOOLF REPORT
690 _aLAW
942 _n0
948 _c06/05/1999
999 _c59036
_d59036